000 00619cam a2200169 4500500
005 20260405004059.0
041 _afre
042 _adc
100 1 0 _aLarmagnac-Matheron, Octave
_eauthor
245 0 0 _aLa méthode Machiavel : 14 conseils à l’intention des hommes politiques
260 _c2022.
500 _a40
690 _aMachiavel
690 _aMachiavélisme
786 0 _nPhilosophie magazine - Hors séries | Hors-série Hiver-Pritemps 2022 | HS52 | 2022-01-01 | p. 2-5 | 2104-9246
856 4 1 _uhttps://shs.cairn.info/magazine-philosophie-magazine-2022-hs52-page-2?lang=fr&redirect-ssocas=7080
999 _c2073527
_d2073527